Warthunder Sweden Air Tree Quiz - Statistics

General Stats
  • This quiz has been taken 8 times
  • The average score is 25 of 70
Answer Stats
Answer % Correct
Rank I J11
75%
Rank I J6B
75%
Rank I J8A
75%
Rank VIII JAS39A
75%
Rank VIII JAS39C
75%
Rank IV A21A-3
50%
Rank V A21RB
50%
Rank V A28
50%
Rank V A29B
50%
Rank II B239
50%
Rank VIII F18C
50%
Rank VIII F18C MLU 2
50%
Rank VII F5A
50%
Rank II Hurricane
50%
Rank IV J21A-1
50%
Rank IV J21A-2
50%
Rank V J21RA
50%
Rank II J22A
50%
Rank III J22B
50%
Rank V J29A
50%
Rank V J29D
50%
Rank VI J29F
50%
Rank VIII JAS39D
50%
Rank IX JAS39E
50%
Rank III Mosquito F.Mk.II
50%
Rank III VL Pyörremyrsky
50%
Rank VI A32A
25%
Rank VI A32A Röd Adam
25%
Rank VII AJ37
25%
Rank VII AJS37
25%
Rank I Ar 196
25%
Rank I B17A
25%
Rank I B17B
25%
Rank II B18A
25%
Rank III B18B
25%
Rank I B3C
25%
Rank IV Bf 109 G-2
25%
Rank IV Bf 109 G-6
25%
Rank IV Bf 109 G-6 Erla
25%
Rank VIII F16A
25%
Rank VIII F16AM
25%
Rank VII F35
25%
Rank II Fokker DXXI
25%
Rank I Fokker DXXI-3
25%
Rank I Iacobis J8A
25%
Rank II J20
25%
Rank III J26
25%
Rank III J26 David
25%
Rank VI J32B
25%
Rank VI J34
25%
Rank VI J35A
25%
Rank VII J35D
25%
Rank VII J35XS
25%
Rank VII JA37C
25%
Rank VIII JA37D
25%
Rank VIII JA37DI
25%
Rank VIII JA37DI F21
25%
Rank II Ju 88
25%
Rank VII MiG-21bis
25%
Rank II Mörkö-Morane
25%
Rank III Mosquito FB Mk VI
25%
Rank III Mosquito FB Mk VI ASH
25%
Rank I S17BS
25%
Rank V SAAB-105G
25%
Rank V SAAB-105OE
25%
Rank V SK60B
25%
Rank III T18B
25%
Rank III T18B 57
25%
Rank I T 2
25%
Rank V Vampire FB 52A
25%
No matching quizzes found
Score Distribution
Percent of People with Each Score
Percentile by Number Answered
Your Score History
You have not taken this quiz